Capitals of the Provinces of South Korea - Statistics

General Stats
  • This quiz has been taken 57 times
  • The average score is 6 of 9
Answer Stats
Province Capital % Correct
Gyeonggi Suwon
90%
Jeju Jeju
80%
Jeolla-buk Jeonju
70%
Gyeongsangnam Changwon
65%
Chungcheong-buk Cheongju
60%
Gangwon Chuncheon
60%
Gyeongsang-buk Andong
55%
Jeolla-nam Muan
50%
Chungcheong-nam Hongseong
40%
No matching quizzes found
Score Distribution
Percent of People with Each Score
Percentile by Number Answered
Your Score History
You have not taken this quiz